Kurdistan Country Quiz - Statistics

General Stats
  • This quiz has been taken 211 times
  • The average score is 10 of 20
Answer Stats
Hint Answer % Correct
Official language Kurdish
85%
De facto capital Erbil
81%
Four governorates Erbil
81%
Claimant country Iraq
75%
Terrorist group that invaded Kurdistan in 2014 Islamic State of Iraq and the Levant
69%
Main sport Soccer
67%
Currency Iraqi dinar
59%
President Nechirvan Barzani
57%
Prime Minister Masrour Barzani
55%
Name for Kurdish military forces Peshmerga
54%
De jure capital Kirkuk
48%
Main religion (includes subdivision) Sunni Islam
48%
Main industry Oil
43%
Four governorates Sulaymaniyah
42%
Four governorates Duhok
41%
Longest river Tigris River
37%
Four governorates Halabja
27%
Primary intelligence agency Asayish
9%
Highest peak Halgurd
7%
This was made illegal in 2011 Female genital mutilation
2%
No matching quizzes found
Score Distribution
Percent of People with Each Score
Percentile by Number Answered
Your Score History
You have not taken this quiz